Dopasuj wyspę do państwa - klikanie - Statystyki

Ogólne statystyki
  • Ten quiz został rozwiązany 29 razy
  • Średni wynik to 9 z 15
Statystyki odpowiedzi
Hint Odpowiedź % Poprawnych
Teneryfa Hiszpania
92%
Sardynia Włochy
88%
Long Island USA
83%
Hajnan Chiny
67%
Nowa Fundlandia Kanada
67%
Phuket Tajlandia
67%
Margarita Wenezuela
63%
Lewis and Harris Wielka Brytania
63%
Rugia Niemcy
58%
Czedżu Korea Południowa
54%
Spitsbergen Norwegia
54%
Olandia Szwecja
54%
Fionia Dania
50%
Nowa Brytania Papua Nowa Gwinea
33%
Salsette Indie
29%
Nie znaleziono quizów pasujących do podanych kryteriów
Rozkład punktacji
Procent ludzi z każdym wynikiem
Percentyl według liczby udzielonych odpowiedzi
Twoja historia wyników
Nie rozwiązałeś tego quizu